00539 2200181 4500001002100000005001700021008004100038035002400079082001000103090002000113245003800133250001300171260006900184300002800253650003400281999002100315999002100336YOGYA-0411000000108820110413090534.0 ind  0010-041100000001088 a027.7 a027.7bBuklDEP aBuku panduan pemakai perpustakaan aEd. 2000 aYogyakartabUPT Perpustakaan Universitas Negeri Yogyakartac2000 aivb35 hlmcilusd21 cm aperpustakaan perguruan tinggi aCB-D.11 2000-279 aCB-D.11 2000-278